Ciutats/Viles amb més altitud de Catalunya - Statistics

General Stats
  • This quiz has been taken 59 times
  • The average score is 14 of 19
Answer Stats
Comarca Altitud en metres Ciutat/Vila % Correct
Cerdanya 1202 Puigcerdà
96%
Berguedà 704 Berga
92%
Val d'Aran 974 Vielha e Mijaran
92%
Ripollès 691 Ripoll
90%
Osona 484 Vic
90%
Moianès 717 Moià
88%
Alt Urgell 691 Seu d'Urgell, la
88%
Garrotxa 443 Olot
85%
Solsonès 664 Solsona
85%
Segarra 548 Cervera
79%
Osona 461 Manlleu
79%
Pallars Jussà 468 Tremp
77%
Osona 508 Torelló
71%
Selva 803 Sant Hilari Sacalm
52%
Osona 596 Tona
52%
Osona 496 Centelles
48%
Segarra 484 Guissona
44%
Osona 623 Taradell
33%
Vallès Oriental 480 Sant Feliu de Codines
27%
No matching quizzes found
Score Distribution
Percent of People with Each Score
Percentile by Number Answered
Your Score History
You have not taken this quiz